000 00578nam a22001931a 4500
001 11044
003 OSt
005 20260204212225.0
008 101117s2007||||sp ||||||b||||||||||spa||
020 _a9789876080477
050 _a371.102 N169s
100 _aNarvarte, Mariana E.
245 _aSoluciones pedagógicas para el T.O.A/H. Tratorno por deficit de atención con o sin hiperactividad / Mariana E. Narvarte
264 _aEspaña : Lexus
300 _a348 p
500 _aIncluye glosario apendice y CD Room
650 _aPedagogía 2.EnseñanzaÌ
942 _2ddc
_cBK
999 _c11044
_d11044